Kulturelle Unterschiede zwischen den Deutschen und den Engländern und deren Einfluss auf gegenseitige Verhanbdlungen bakalárska práca

Enregistré dans:
Détails bibliographiques
Auteur principal: Ryser, Anita
Collectivité auteur: Fakulta aplikovaných jazykov EU v Bratislave. Katedra interkultúrnej komunikácie
Autres auteurs: Helmová, Milena, 1954-
Format: Livre
Langue:allemand
Publié: Bratislava 2013
Tags: Ajouter un tag
Pas de tags, Soyez le premier à ajouter un tag!

MARC

LEADER 00000nbm a2200000 4500
001 0170113
005 20161109112013.3
041 0 |a ger 
044 |a SK 
245 1 0 |a Kulturelle Unterschiede zwischen den Deutschen und den Engländern und deren Einfluss auf gegenseitige Verhanbdlungen  |b bakalárska práca  |c Anita Ryser ; školiteľ: Milena Helmová 
264 1 |a Bratislava  |c 2013 
300 |a 34 s. 
100 1 |a Ryser, Anita 
700 1 |a Helmová, Milena, 1954- 
710 2 |a Fakulta aplikovaných jazykov EU v Bratislave. Katedra interkultúrnej komunikácie